| 000 | 00523nam a22001697a 4500 | ||
|---|---|---|---|
| 999 |
_c371658 _d371658 |
||
| 003 | OSt | ||
| 008 | 220531b ||||| |||| 00| 0 eng d | ||
| 020 | _a978-83-65681-87-4 | ||
| 040 |
_aDE-2950 _cDE-2950 |
||
| 041 | _apol | ||
| 245 |
_aW glownym nurcie dziejow . _bKatedra Wniebowziecia NMP w Gorzowie Wielkopolskim od konca XIII wieku do roku 2017 / _cDariusza A. Rymara |
||
| 260 |
_aGorzow Wielkopolski _c2021 |
||
| 300 |
_a773 Seiten: _bAbb. |
||
| 653 | _aGorzow Wielkopolski | ||
| 653 | _aKathedrale | ||
| 942 |
_2z _cB |
||